书目信息 |
| 题名: |
贝叶斯统计:基于R和BUGS的应用
|
|
| 作者: | 韩明 编著 | |
| 分册: | ||
| 出版信息: | 上海 同济大学出版社 2017.10 |
|
| 页数: | 275页 | |
| 开本: | 26cm | |
| 丛书名: | ||
| 单 册: | ||
| 中图分类: | O212.8 | |
| 科图分类: | ||
| 主题词: | 贝叶斯统计量--高等学校--教材 | |
| 电子资源: | ||
| ISBN: | 978-7-5608-7461-6 | |
| 000 | 01205nam0 2200241 450 | |
| 001 | 1215 | |
| 005 | 20180927154844.12 | |
| 010 | @a978-7-5608-7461-6@dCNY49.00 | |
| 100 | @a20180217d2017 em y0chiy50 ea | |
| 101 | 0 | @achi |
| 102 | @aCN@b310000 | |
| 105 | @ay z 000yy | |
| 200 | 1 | @a贝叶斯统计:基于R和BUGS的应用@Abei ye si tong ji:ji yu R he BUGS de ying yong@9bei ye si tong ji@e基于R和BUGS的应用@f韩明编著 |
| 210 | @a上海@c同济大学出版社@d2017.10 | |
| 215 | @a275页@d26cm | |
| 300 | @a普通高等教育“十二五”规划教材 | |
| 330 | @a本书介绍了贝叶斯统计的基础理论以及基于R和BUGS的应用。全书共十三章,内容分为四个部分:第一部分,介绍贝叶斯统计的发展和应用概况,包括第一章(绪论);第二部分,介绍贝叶斯统计的基础理论,包括第二——第四章;第三部分,介绍贝叶斯统计在一些域中的应用,包括第五——第十二章;第四部分,介绍贝叶斯计算方法及有关软件,包括第十三章。本书突出R和BUGS在贝叶斯统计中的应用,书中的一些例题、应用案例,采用R软件、WinBUGS和 OpenBUGS,并给出了相应的代码。 | |
| 517 | 1 | @a基于R和BUGS的应用@9ji yu R he BUGS de ying yong |
| 606 | 0 | @a贝叶斯统计量@x高等学校@j教材 |
| 690 | @aO212.8@v5 | |
| 701 | 0 | @a韩明@9han ming@4编著 |
| 801 | 0 | @aCN@b91MARC@c20180217 |
| 905 | @aMuseLib@dO212.8@e116 | |
| 贝叶斯统计:基于R和BUGS的应用:基于R和BUGS的应用/韩明编著.-上海:同济大学出版社,2017.10 |
| 275页;26cm |
| 普通高等教育“十二五”规划教材 |
| ISBN 978-7-5608-7461-6:CNY49.00 |
| 本书介绍了贝叶斯统计的基础理论以及基于R和BUGS的应用。全书共十三章,内容分为四个部分:第一部分,介绍贝叶斯统计的发展和应用概况,包括第一章(绪论);第二部分,介绍贝叶斯统计的基础理论,包括第二——第四章;第三部分,介绍贝叶斯统计在一些域中的应用,包括第五——第十二章;第四部分,介绍贝叶斯计算方法及有关软件,包括第十三章。本书突出R和BUGS在贝叶斯统计中的应用,书中的一些例题、应用案例,采用R软件、WinBUGS和 OpenBUGS,并给出了相应的代码。 |
| ● |
| 相关链接 |
|
|
|
|
正题名:贝叶斯统计:基于R和BUGS的应用
索取号:O212.8/116
 
预约/预借
| 序号 | 登录号 | 条形码 | 馆藏地/架位号 | 状态 | 备注 |
| 1 | 1121729 | 211217299 | 第二样本阅览室/ [索取号:O212.8/116] | 在馆 | |
| 2 | 1121730 | 211217306 | 第三借阅区/ [索取号:O212.8/116] | 在馆 | |
| 3 | 1121731 | 211217315 | 第三借阅区/ [索取号:O212.8/116] | 在馆 | |
| 4 | 1121732 | 211217324 | 第三借阅区/ [索取号:O212.8/116] | 在馆 | |
| 5 | 1121733 | 211217333 | 第三借阅区/ [索取号:O212.8/116] | 在馆 |